000 003910000a22001570004500
041 0 _aENG
082 0 4 _aG 264.03 A5895b
245 1 0 _aThe Book of Common Prayer
260 _aLondres, Inglaterra : University Cambridge
300 _a629 Pag
001 7117
942 _cBK
999 _c37345
_d37345
336 _atexto
_btxt
_2rdacontent
337 _2rdamedia
_asin mediación
_bn
338 _2rdacarrier
_avolumen
_bnc